000 00270 a2200133 4500
001 190548
020 _aM 5769-537-S
040 _cMagnum
240 1 0 _aSleeping beauty
_lING
245 1 0 _aSleeping beauty
300 _a29
697 _aLITERATURA INGLESA
942 _cBK
999 _c190548
_d190548